008660000a22001810004500090001400000245021600014300000900230650002500239650003500264650003400299651004800333041001400381110005100395260005000446942001300496999001700509952015800526 aARb0404010aResolución número 1426 del 20 de diciembre de 1996spor la cual se reserva, alindera y declara el área de manejo especial los Corales del Archipiélago de San Andrés, providencia, Santa Catalina y Cayos a5 p.14aAreas protegidas97814aLegislación ambiental99230914aPolíticas ambientales95366 4dSan Andrés y ProvidenciapColombia9927490 aEspañol1 lColombiaaMinisterio del Medio Ambiente997884 aBogotábMinisterio del Medio Ambientec1996 cARTICULO c13073d13073 001040718HEMEROTECAaBogotabBogotad2015-02-27hFuera de circulaciónl0oAR 04040p014503r2015-03-25 00:00:00t1w2015-03-25xDonaciónyARTICULO